| 000 | 00869nam a2200265 i 4500 | ||
|---|---|---|---|
| 001 | 000030698 | ||
| 003 | DO-SdBNP | ||
| 005 | 20260528110143.0 | ||
| 007 | ta | ||
| 008 | 100916s1973 dr r 000 0 spa d | ||
| 040 |
_aDO-SdBNP _bspa _cBNPHU _erda |
||
| 082 |
_axxx _bO77m _222 |
||
| 100 | 1 |
_aOrtega Frier, José, _eautor _4aut. _945710 |
|
| 245 | 1 | 0 |
_aMemorandum relativo a la intervención de Summer Welles en la República Dominicana / _cJosé Ortega Frier. |
| 264 | 1 |
_aSanto Domingo : _bEdiciones de Taller, _c1973. |
|
| 300 |
_a209 páginas ; _c21 cm. |
||
| 336 |
_atexto _btxt _2rdacontent |
||
| 337 |
_asin mediación _bn _2rdamedia |
||
| 338 |
_avolumen _bnc _2rdacarrier |
||
| 490 | 0 |
_aBiblioteca Taller _v10 |
|
| 500 | _aIncluye referecias bibliográficas y notas al pie de páginas | ||
| 590 | _aInventariado, 2024/DG | ||
| 910 | _aDG | ||
| 942 |
_2ddc _cLBS1 |
||
| 999 |
_c30190 _d30190 |
||